| 000 | 00471nam a22001817a 4500 | ||
|---|---|---|---|
| 999 |
_c2144 _d2144 |
||
| 003 | OSt | ||
| 005 | 20181005152244.0 | ||
| 008 | 181005b ||||| |||| 00| 0 eng d | ||
| 020 | _a8172147473 | ||
| 040 | _cDLC | ||
| 082 |
_a232 _bT597U |
||
| 100 | _aTirkey, Christopher A.B. | ||
| 245 |
_a The uniqueness of Christ/ _cBy Christopher A.B. Tirkey. |
||
| 260 |
_aNew Delhi : _bISPCK, _cc2004. |
||
| 300 | _a95 p,: | ||
| 650 |
_aChristology _xJesus Christ |
||
| 942 |
_2ddc _cBK |
||